| 000 | 00845nam a2200265Ia 4500 | ||
|---|---|---|---|
| 003 | OSt | ||
| 005 | 20220927110758.0 | ||
| 006 | a|||||r|||| 00| 0 | ||
| 007 | ta | ||
| 008 | 220926b |||||||| |||| 00| 0 eng d | ||
| 024 | _a102471 | ||
| 037 | _cReports | ||
| 040 |
_aRTL _cRTL _beng |
||
| 041 |
_2eng _aeng |
||
| 082 | _a"X9(J741).44Q7.N59t, K1/GD" | ||
| 110 |
_a"PAKISTAN, JUTE ENQUIRY (Commission)" _9380243 |
||
| 111 |
_aEnquiry Commission on Jute (Chairman : Zakir Hussain) (1959 : Pakistan) _9380244 |
||
| 245 | 0 | _aReport | |
| 260 |
_aKarachi _bManager of Publications Pakistan _c1961 |
||
| 300 |
_a319p. Appendix p.211-319 _ccm. |
||
| 650 | _aJute Industry | ||
| 700 |
_a"PAKISTAN, JUTE ENQUIRY (Commission)" _9380245 |
||
| 942 |
_h"X9(J741).44Q7.N59t, K1/GD" _cCC |
||
| 999 |
_c697895 _d697895 |
||